The kingdom of Siam /

Bibliographic Details
Main Author: La Loubère, Simon de, 1642-1729
Format: Book
Language:English
French
Published: Kuala Lumpur : Oxford University Press, 1969.
Series:Oxford in Asia historical reprints.
Subjects:

MARC

Tag First Indicator Second Indicator Subfields
LEADER 00000cam a2200000 4500
001 in00000245607
005 20151010050609.0
008 701009r19691693my a 00000 eng
010 |a  71015791  
035 |a (OCoLC)00094179 
035 |9 ABB0745AM 
040 |a DLC  |c DLC  |d TXA  |d UtOrBLW 
041 1 |a eng  |a fre 
043 |a a-th--- 
049 |a TXAM  |c [1181379] 
050 0 0 |a DS564  |b .L213 1693a 
082 0 |a 915.93/03/2 
100 1 |a La Loubère, Simon de,  |d 1642-1729. 
245 1 4 |a The kingdom of Siam /  |c With an introd. by David K. Wyatt. 
264 1 |a Kuala Lumpur :  |b Oxford University Press,  |c 1969. 
300 |a ix, 260 pages :  |b illustrations ;  |c 32 cm. 
336 |a text  |b txt  |2 rdacontent 
337 |a unmediated  |b n  |2 rdamedia 
338 |a volume  |b nc  |2 rdacarrier 
490 1 |a Oxford in Asia. Historical reprints 
500 |a Facsim. reproduction. Original title page reads: A new historical relation of the Kingdom of Siam. By Monsieur de La Loubere, Envoy Extraordinary from the French King to the King of Siam in the years 1687 and 1688. Wherein a full and curious account is given of the Chinese way of arithmetick, and the mathematick learning. In two tomes. Illustrated with sculptures. Done out of French, by A. P. Gen. R. S. S. London, Printed by F. L. for Tho. Horne at the Royal Exchange, Francis Saunders at the New Exchange, and Tho. Bennet at the Half-Moon in St. Pauls Church-yard, 1693. 
500 |a Translation of Du royaume de Siam. 
651 0 |a Thailand  |x Description and travel. 
651 0 |a Thailand  |x Social life and customs. 
830 0 |a Oxford in Asia historical reprints. 
999 |a MARS 
999 f f |s 5605a656-05ff-3a7d-893a-c77e78571872  |i 0fce7e81-04a2-3dd9-9186-93267efb3d59  |t 0 
952 f f |p ric  |a Texas A&M University  |b Rellis Campus  |c Joint Library Facility  |d Remote Storage  |t 0  |e DS564 .L213 1693a  |h Library of Congress classification  |i unmediated -- volume  |m A14802061300 
998 f f |a DS564 .L213 1693a  |t 0  |l Remote Storage